Statistics for Zimbabwe Country Quiz

Click here to take the quiz!

General Stats

  • This quiz has been taken 6,250 times
    (6,178 since last reset)
  • The average score is 12 of 17

Answer Stats

Hint Answer % Correct
Countries bordering ZimbabweSouth Africa
97%
Countries bordering ZimbabweZambia
96%
Former colonial powerUnited Kingdom
95%
Countries bordering ZimbabweMozambique
93%
Countries bordering ZimbabweBotswana
92%
Former name of ZimbabweSouthern {Rhodesia}
90%
Large waterfall on that river{Victoria} Falls
89%
Capital cityHarare
82%
Zimbabwe has sixteen of these, more than any country except BoliviaOfficial {Language}s
79%
River that forms the border in the northZambezi
78%
Dictator of Zimbabwe from 1980–2017 who ruled until age 93Robert Mugabe
78%
Most of Zimbabwe consists of this grassland ecosystem (starts with S)Savannah
77%
Group of people that represented 4.5% of Zimbabwe's population
in 1975 but today is less than 0.2%
Whites
59%
In 2009, due to hyperinflation, Zimbabwe printed banknotes with
an astounding face value of ...
$100 Trillion
56%
Ancient city built in the 11th century, abandoned in the 15th{Great} Zimbabwe
27%
River that forms the border in the southLimpopo
27%
National symbolZimbabwe {Bird}
26%

Score Distribution

Percentile by Number Answered

Percent of People with Each Score

Your Score History

You have not taken this quiz since the last reset